Normal view MARC view

Entry Termo tópico

Number of records used in: 2

001 - NÚMERO DE CONTROLE

  • campo de controle: 516

003 - IDENTIFICADOR DO NÚMERO DE CONTROLE

  • campo de controle: OSt

005 - DATA E HORÁRIO DA ÚLTIMA TRANSAÇÃO

  • campo de controle: 20250315124002.0

008 - CAMPO DE DADOS FIXOS

  • campo de controle de tamanho fixo: 250315|| aca||babn | a|a d

040 ## - FONTE DA CATALOGAÇÃO

  • Instituição da catalogação original: OSt

150 ## - CABEÇALHO--TERMO TÓPICO (ASSUNTO)

  • Cabeçalho tópico ou nome geográfico: Feminismo

Powered by Koha